[Event "Indywidualne Mistrzostwa Polski Kobiet do lat 20"]
[Site "Osrodek „SUDETY”, Pokrzywna 75"]
[Date "1899-12-30"]
[Round "7.11"]
[White "Pietrzak, Emilia"]
[Black "Marcinczyk, Monika"]
[Result "0-1"]
[WhiteTitle "I+"]
[BlackTitle "WCM"]
[WhiteElo "1497"]
[BlackElo "2020"]

1. e4 c6 2. d4 g6 3. Nf3 Bg7 4. Nc3 d5 5. Bf4 Bg4 6. exd5 cxd5 7. Be2 Nf6 8. h3
Bxf3 9. Bxf3 O-O 10. O-O Nc6 11. Re1 e6 12. Rb1 Qb6 13. Ne2 Ne4 14. Bxe4 dxe4
15. c3 Rad8 16. Qa4 Ne7 17. Ng3 Nd5 18. Bd2 f5 19. Bg5 Rc8 20. Bd2 e5 21. c4 Qxd4
22. Red1 Qxc4 23. Qxa7 Qa6 24. Qxa6 bxa6 25. Rbc1 Kf7 26. Ne2 Ke6 27. Nc3 Nb6
28. b3 Rfd8 29. Kf1 Rd3 30. Ke2 Rcd8 31. Nb1 R8d6 32. Na3 Rxd2+ 33. Rxd2 Rxd2+
34. Kxd2 Bh6+ 35. Kc2 Bxc1 36. Kxc1 Nd5 37. Nc4 Nf4 38. Kd2 Nxg2 39. a4 Nf4 40.
h4 Nd5 41. Na5 f4 42. Nc6 h5 43. b4 g5 44. hxg5 h4 45. g6 h3 0-1

[Event "Indywidualne Mistrzostwa Polski Kobiet do lat 20"]
[Site "Osrodek „SUDETY”, Pokrzywna 75"]
[Date "1899-12-30"]
[Round "7.12"]
[White "Trybus, Dominika"]
[Black "Pawicka, Magdalena"]
[Result "0-1"]
[WhiteTitle "I+"]
[BlackTitle "k+"]
[WhiteElo "1589"]
[BlackElo "1691"]

1. e4 e5 2. f4 d5 3. exd5 exf4 4. Nf3 Nf6 5. c4 c6 6. dxc6 Nxc6 7. d4 Bb4+ 8. Bd2
O-O 9. Bxb4 Nxb4 10. Be2 Ng4 11. Qd2 Ne3 12. Na3 Qe7 13. Kf2 Ng4+ 14. Kf1 Re8
15. h3 Ne3+ 16. Kf2 Nxg2 17. Bd3 Qe3+ 18. Kxg2 Qxd2+ 19. Nxd2 Nxd3 20. Nb3 Bf5
21. Rhd1 Re2+ 22. Kg1 f3 23. Nd2 Rg2+ 24. Kf1 Bxh3 25. Ne4 Rg4# 0-1

[Event "Indywidualne Mistrzostwa Polski Kobiet do lat 20"]
[Site "Osrodek „SUDETY”, Pokrzywna 75"]
[Date "1899-12-30"]
[Round "8.1"]
[White "Dylag, Emilia"]
[Black "Malicka, Maria"]
[Result "1/2-1/2"]
[WhiteTitle "WFM"]
[BlackTitle "FM"]
[WhiteElo "1956"]
[BlackElo "2307"]

1. d4 Nf6 2. c4 g6 3. Nf3 Bg7 4. g3 O-O 5. Bg2 d5 6. O-O dxc4 7. Qc2 Nbd7 8. Na3
Nb6 9. e4 Bg4 10. Be3 Qc8 11. Rfe1 Bxf3 12. Bxf3 Ng4 13. Nxc4 Nxe3 14. fxe3 Nxc4
15. Qxc4 c6 16. Rac1 Qd7 17. b3 e5 18. d5 Rfc8 19. Qa4 Qd6 20. Qc4 Bf8 21. Bg4
Rc7 22. dxc6 Rxc6 23. Qd5 Qc7 24. Rxc6 bxc6 25. Qc4 h5 26. Bf3 Bh6 27. Qc5 Rd8
28. Qc3 Qb6 29. Kf2 f6 30. Rd1 Rxd1 31. Bxd1 Bf8 32. Be2 Kg7 33. Bc4 Qb4 1/2-1/2

[Event "Indywidualne Mistrzostwa Polski Kobiet do lat 20"]
[Site "Osrodek „SUDETY”, Pokrzywna 75"]
[Date "1899-12-30"]
[Round "8.2"]
[White "Goraj, Barbara"]
[Black "Rudzinska, Michalina"]
[Result "1/2-1/2"]
[WhiteTitle "WCM"]
[BlackTitle "WFM"]
[WhiteElo "2044"]
[BlackElo "2215"]

1. e4 c5 2. Nf3 d6 3. d4 cxd4 4. Nxd4 Nf6 5. Nc3 a6 6. Bg5 e6 7. f4 Be7 8. Qf3
Qc7 9. O-O-O Nbd7 10. g4 h6 11. Bxf6 Bxf6 12. h4 Nb6 13. g5 Bxd4 14. Rxd4 Qc5
15. Rd2 Bd7 16. Be2 O-O-O 17. Rhd1 Bc6 18. Rd4 d5 19. Qf2 Rd7 20. exd5 Nxd5 21.
Nxd5 Rxd5 22. Bf3 Rxd4 23. Rxd4 Qb6 24. b3 Kb8 25. Bxc6 Qxc6 26. Kb2 hxg5 27.
hxg5 Qb6 28. Qe3 f6 29. Qd3 fxg5 30. fxg5 Qc5 31. Re4 Qxg5 32. Rxe6 Rc8 33. a4
Qa5 34. Qg3+ Ka8 35. Qxg7 Rxc2+ 36. Kxc2 Qf5+ 37. Kb2 Qxe6 38. Qf8+ 1/2-1/2

[Event "Indywidualne Mistrzostwa Polski Kobiet do lat 20"]
[Site "Osrodek „SUDETY”, Pokrzywna 75"]
[Date "1899-12-30"]
[Round "8.3"]
[White "Adamczyk, Zuzanna"]
[Black "Wikar, Martyna"]
[Result "1/2-1/2"]
[WhiteTitle "WCM"]
[BlackTitle "WFM"]
[WhiteElo "2047"]
[BlackElo "2168"]

1. d4 Nf6 2. c4 g6 3. Nc3 Bg7 4. e4 d6 5. Nge2 Nc6 6. f3 e5 7. d5 Ne7 8. Be3 Nd7
9. g4 h5 10. g5 h4 11. Qd2 b6 12. O-O-O a5 13. Na4 Nc5 14. Nec3 Bd7 15. Qc2 Nc8
16. Nb5 h3 17. Rg1 Kf8 18. Kb1 Kg8 19. Be2 Na7 20. Nxc5 bxc5 21. a4 Nc8 22. Bd2
Nb6 23. b3 Bf8 24. Bc3 Rh4 25. Be1 Rh7 26. Qc1 Be7 27. Qe3 Rg7 28. Bc3 Rh7 29.
Be1 Qb8 30. Bc3 c6 31. dxc6 Bxc6 32. f4 Qb7 33. Bd3 Rh4 34. fxe5 dxe5 35. Qg3
Rh7 36. Qxe5 Bf8 37. Qf4 Re8 38. Rge1 Nd7 39. Bc2 Re6 40. Ka2 Bg7 41. Bxg7 Rxg7
42. Qc7 Qxc7 43. Nxc7 Re7 44. Rd6 Bb7 45. e5 Nf8 46. Nd5 Bxd5 47. cxd5 Rh7 48.
e6 fxe6 49. dxe6 Rh4 50. Bd3 Rg4 51. Bf1 Rg1 52. Rd3 Rxe6 53. Red1 Rxg5 54. Rxh3
Kg7 55. Rg3 Rf5 56. Rg2 Ref6 57. Bc4 Rf2+ 58. Rd2 Rxg2 59. Rxg2 1/2-1/2

[Event "Indywidualne Mistrzostwa Polski Kobiet do lat 20"]
[Site "Osrodek „SUDETY”, Pokrzywna 75"]
[Date "1899-12-30"]
[Round "8.4"]
[White "Zabrzanska, Weronika"]
[Black "Starosta, Martyna"]
[Result "1-0"]
[WhiteTitle "k"]
[BlackTitle "WCM"]
[WhiteElo "1923"]
[BlackElo "1938"]

1. e4 e6 2. d4 d5 3. exd5 exd5 4. Nf3 Nc6 5. Bd3 Bg4 6. c3 Bd6 7. h3 Bh5 8. O-O
Nge7 9. Re1 Qd7 10. b4 O-O-O 11. a4 g5 12. a5 g4 13. Ne5 Bxe5 14. dxe5 d4 15.
Be2 Rhg8 16. hxg4 Nxe5 17. Qxd4 Nxg4 18. Qxa7 Qd6 19. f4 Nd5 20. Qa8+ Kd7 21.
Qxb7 Nxc3 22. Bxg4+ Bxg4 23. Nxc3 Qd4+ 24. Be3 Qxc3 25. Rac1 Qd3 26. Qxc7+ Ke6
27. Qe5+ Kd7 28. Rc7# 1-0

[Event "Indywidualne Mistrzostwa Polski Kobiet do lat 20"]
[Site "Osrodek „SUDETY”, Pokrzywna 75"]
[Date "1899-12-30"]
[Round "8.5"]
[White "Bukala, Weronika"]
[Black "Hertlein, Irena"]
[Result "1-0"]
[WhiteTitle "I++"]
[BlackTitle "k"]
[WhiteElo "1875"]
[BlackElo "1918"]

1. e4 c5 2. Nf3 Nc6 3. Bb5 g6 4. Bxc6 dxc6 5. d3 Bg7 6. O-O e5 7. h3 h6 8. Be3
b6 9. Nc3 Ne7 10. Nh2 g5 11. Qh5 Be6 12. a4 a5 13. g3 Qd7 14. Ng4 O-O-O 15. f4
exf4 16. gxf4 f5 17. Nf2 Rhg8 18. Kh1 fxe4 19. dxe4 gxf4 20. Bxf4 Bd4 21. Ne2
Bxf2 22. Qe5 Kb7 23. Rxf2 Bxh3 24. Ng1 Be6 25. Rd2 Qc8 26. Rxd8 Rxd8 27. Nf3 Ng6
28. Qg7+ Ka6 29. Qxg6 Rf8 30. Qg3 Qe8 31. Nd2 Qf7 32. Rf1 Rg8 33. Qf2 Qh5+ 34.
Bh2 Bh3 35. Rg1 Rd8 36. Nf3 Rf8 37. Qe2+ b5 38. axb5+ cxb5 39. Nd4 Qe8 40. Nxb5
Bf1 41. Nc7+ Ka7 42. Qxf1 1-0

[Event "Indywidualne Mistrzostwa Polski Kobiet do lat 20"]
[Site "Osrodek „SUDETY”, Pokrzywna 75"]
[Date "1899-12-30"]
[Round "8.6"]
[White "Bugaj, Hanna"]
[Black "Czarniecka, Aleksandra"]
[Result "1-0"]
[WhiteTitle "I++"]
[BlackTitle "m"]
[WhiteElo "1721"]
[BlackElo "2031"]

1. d4 Nf6 2. c4 g6 3. Nc3 Bg7 4. e4 d6 5. Nf3 O-O 6. Be2 Na6 7. O-O e5 8. Be3 Ng4
9. Bg5 Qe8 10. h3 h6 11. Bc1 Nf6 12. dxe5 dxe5 13. Be3 c6 14. c5 Nc7 15. Qb3 Qe7
16. Rfd1 Nh5 17. Bc4 Be6 18. Rd6 Ne8 19. Rd2 Bxc4 20. Qxc4 Rd8 21. Rad1 Nc7 22.
Rd6 Ne6 23. b4 Nhf4 24. b5 cxb5 25. Qxb5 Ng5 26. Nxg5 Qxg5 27. g3 Rxd6 28. cxd6
Nxh3+ 29. Kg2 Qg4 30. f3 Qc8 31. d7 Qxc3 32. d8=Q Rxd8 33. Rxd8+ Kh7 34. Kxh3
Qe1 35. Kg2 Qxe3 36. Qd3 Qg5 37. Qd2 Bf6 38. Qxg5 Bxg5 39. Rd7 Kg7 40. Rxb7 Be3
41. Kf1 h5 42. Ke2 Bb6 43. f4 exf4 44. gxf4 Kf6 45. Kf3 Ke6 46. e5 Bc5 47. Rc7
Bb6 48. Rc6+ Kd7 49. Rf6 Ke7 50. Ke4 h4 51. Kf3 Bg1 52. Kg4 Bf2 53. Rd6 Bg3 54.
Ra6 Bf2 55. f5 gxf5+ 56. Kxf5 Bb6 57. Ra3 Bf2 58. Rc3 Bb6 59. Rc6 Kf8 60. Rh6
Bf2 61. Kf6 Kg8 62. Rh5 Bb6 63. Ke7 Be3 64. Ke8 Bf4 65. Rf5 Bg3 66. Rg5+ Kh7 67.
Kxf7 Kh6 68. Kf6 Bf2 69. Rg8 Kh7 70. Rg2 Be1 71. e6 h3 72. Rh2 1-0

[Event "Indywidualne Mistrzostwa Polski Kobiet do lat 20"]
[Site "Osrodek „SUDETY”, Pokrzywna 75"]
[Date "1899-12-30"]
[Round "8.7"]
[White "Siekanska, Zuzanna"]
[Black "Smietanska, Wiktoria"]
[Result "0-1"]
[WhiteTitle "I++"]
[BlackTitle "CM"]
[WhiteElo "1783"]
[BlackElo "1910"]

1. d4 Nf6 2. c4 g6 3. Nc3 Bg7 4. e4 d6 5. h3 O-O 6. Be3 c5 7. d5 e6 8. Bd3 exd5
9. exd5 Na6 10. Nf3 Nb4 11. Bb1 b5 12. a3 Qa5 13. Qd2 bxc4 14. axb4 Qxa1 15. O-O
cxb4 16. Nb5 Qa5 17. Nxd6 Qxd5 18. Qxb4 a5 19. Nxc8 axb4 20. Ne7+ Kh8 21. Nxd5
Nxd5 22. Bc1 f5 23. Ng5 Bf6 24. Ne6 Rfe8 25. Nf4 Nxf4 26. Bxf4 Bxb2 0-1

[Event "Indywidualne Mistrzostwa Polski Kobiet do lat 20"]
[Site "Osrodek „SUDETY”, Pokrzywna 75"]
[Date "1899-12-30"]
[Round "8.8"]
[White "Marcinczyk, Monika"]
[Black "Szczotka, Klara"]
[Result "1/2-1/2"]
[WhiteTitle "WCM"]
[BlackTitle "k+"]
[WhiteElo "2020"]
[BlackElo "1755"]

1. e4 c6 2. d4 d5 3. exd5 cxd5 4. c4 Nf6 5. Nc3 Nc6 6. Nf3 Bg4 7. Be3 e6 8. h3
Bh5 9. c5 Ne4 10. Be2 Be7 11. O-O O-O 12. Rc1 f5 13. Bf4 Bxf3 14. Bxf3 Bg5 15.
Ne2 Qf6 16. Bxe4 fxe4 17. Bxg5 Qxg5 18. Rc3 Rf5 19. Qb3 Rb8 20. f3 Qd2 21. Qc2
Qxc2 22. Rxc2 Rbf8 23. Rc3 g5 24. Ng3 Rf4 25. Ne2 R4f6 26. Kh2 Kg7 27. Kg3 h5
28. Rd1 h4+ 29. Kf2 R8f7 30. a3 a5 31. Re3 Ne7 32. b4 axb4 33. axb4 Nc6 34. Rb3
Rf8 35. Ra1 exf3 36. gxf3 e5 37. b5 Nxd4 38. Nxd4 exd4 39. Ra7 R6f7 40. Rd3 Rc8
41. c6 bxc6 42. Rxf7+ Kxf7 43. Rxd4 Ke6 44. bxc6 Rxc6 45. Rd2 Rc4 46. Re2+ Kf5
47. Re8 Rc2+ 48. Ke3 Rh2 49. Rf8+ Ke5 50. Ke4+ 1/2-1/2

[Event "Indywidualne Mistrzostwa Polski Kobiet do lat 20"]
[Site "Osrodek „SUDETY”, Pokrzywna 75"]
[Date "1899-12-30"]
[Round "8.9"]
[White "Budkiewicz, Magdalena"]
[Black "Salamon, Julia"]
[Result "1-0"]
[WhiteTitle "k"]
[BlackTitle "I++"]
[WhiteElo "1929"]
[BlackElo "1515"]

1. e4 c5 2. Nf3 e6 3. d4 cxd4 4. Nxd4 Nf6 5. Nc3 Nc6 6. Ndb5 Bb4 7. a3 Bxc3+ 8.
Nxc3 d5 9. Bd3 O-O 10. O-O d4 11. Ne2 e5 12. h3 Qe7 13. b4 a6 14. Ng3 Ne8 15.
f4 Nd6 16. f5 f6 17. h4 Bd7 18. Nh5 Be8 19. Bd2 Bxh5 20. Qxh5 Qf7 21. Qe2 b5 22.
a4 Nc4 23. Be1 Rfc8 24. g4 Nd8 25. g5 Nb7 26. Rf3 Nbd6 27. Rg3 Kf8 28. g6 Qg8
29. gxh7 Qxh7 30. Rg6 Kf7 31. h5 Rh8 32. axb5 axb5 33. Rxa8 Rxa8 34. Bh4 Rh8 35.
h6 Rg8 36. Kh2 Ke8 37. Qg4 Ne3 38. Qg1 Kf7 39. Qa1 Nc8 40. Qa2+ Kf8 41. Qe6 Ne7
42. Bxb5 Nxc2 43. Qd7 Kf7 44. Bc4+ 1-0

[Event "Indywidualne Mistrzostwa Polski Kobiet do lat 20"]
[Site "Osrodek „SUDETY”, Pokrzywna 75"]
[Date "1899-12-30"]
[Round "8.11"]
[White "Obrochta, Lena"]
[Black "Natoli, Alessia"]
[Result "1-0"]
[WhiteTitle "I++"]
[BlackTitle "I++"]
[WhiteElo "1660"]
[BlackElo "1633"]

1. e4 c6 2. d4 d5 3. exd5 cxd5 4. Bd3 Nc6 5. c3 Nf6 6. Bf4 Bg4 7. Qb3 Qd7 8. Nd2
e6 9. Ngf3 Bxf3 10. Nxf3 Bd6 11. Bxd6 Qxd6 12. O-O Rb8 13. Rae1 O-O 14. Ne5 b5
15. a3 a5 16. f4 b4 17. axb4 axb4 18. Qc2 Rfc8 19. Qe2 Ra8 20. Rf3 bxc3 21. bxc3
Ne7 22. Rh3 g6 23. g4 Kg7 24. g5 Nd7 25. Nxf7 Qxf4 26. Qxe6 Nf8 27. Qxe7 Qxf7
28. Qe5+ Kg8 29. Rf1 Qe6 30. Rxf8+ 1-0

[Event "Indywidualne Mistrzostwa Polski Kobiet do lat 20"]
[Site "Osrodek „SUDETY”, Pokrzywna 75"]
[Date "1899-12-30"]
[Round "9.1"]
[White "Malicka, Maria"]
[Black "Zabrzanska, Weronika"]
[Result "1-0"]
[WhiteTitle "FM"]
[BlackTitle "k"]
[WhiteElo "2307"]
[BlackElo "1923"]

1. e4 e5 2. Nf3 Nc6 3. Bc4 Bc5 4. b4 Bxb4 5. c3 Bc5 6. d4 Bd6 7. dxe5 Bxe5 8. Bxf7+
Kxf7 9. Qd5+ Ke8 10. Nxe5 Nxe5 11. Qxe5+ Qe7 12. Qd4 d6 13. O-O Nf6 14. Ba3 Kf7
15. Nd2 Re8 16. Rae1 b6 17. f4 Ba6 18. c4 Rad8 19. Nf3 c5 20. Qc3 Kg8 21. e5 dxe5
22. fxe5 Ng4 23. Re4 Nh6 24. Bc1 Bb7 25. Bg5 Qe6 26. Rh4 Rd7 27. Bxh6 gxh6 28.
Qe3 Bxf3 29. Qxf3 Qxe5 30. Rg4+ Rg7 31. Qf7+ Kh8 32. Qf8+ 1-0

[Event "Indywidualne Mistrzostwa Polski Kobiet do lat 20"]
[Site "Osrodek „SUDETY”, Pokrzywna 75"]
[Date "1899-12-30"]
[Round "9.2"]
[White "Rudzinska, Michalina"]
[Black "Adamczyk, Zuzanna"]
[Result "1-0"]
[WhiteTitle "WFM"]
[BlackTitle "WCM"]
[WhiteElo "2215"]
[BlackElo "2047"]

1. e4 c6 2. Nc3 d5 3. Nf3 dxe4 4. Nxe4 Nf6 5. Qe2 Nxe4 6. Qxe4 Qa5 7. Qf4 Qf5 8.
Qe3 Qe6 9. b3 Qxe3+ 10. fxe3 Bf5 11. Bb2 Nd7 12. O-O-O e6 13. Rg1 h6 14. g4 Be4
15. Be2 O-O-O 16. Rdf1 Re8 17. g5 e5 18. gxh6 Rxh6 19. Ng5 f5 20. Nxe4 fxe4 21.
Bg4 Kd8 22. Bxd7 Kxd7 23. Rf7+ Kc8 24. Bxe5 Ba3+ 25. Bb2 Bxb2+ 26. Kxb2 g6 27.
Rg2 Reh8 28. Kc3 c5 29. Rg5 Kb8 30. Rxc5 Rxh2 31. Rcc7 Rc8 32. Rxc8+ Kxc8 33.
Rf4 Kd7 34. Rg4 Rh6 35. Kd4 Rh2 36. Kc3 Rh6 37. Rxe4 g5 38. Kd4 Kd6 39. Rg4 Rg6
40. Ke4 Ke6 41. d4 Rg8 42. Rg2 b6 43. Rf2 Rg7 44. d5+ Kd6 45. c4 Kc5 46. a3 b5
47. Rf6 bxc4 48. Rc6+ Kb5 49. bxc4+ Ka4 50. Kf3 a5 51. d6 g4+ 52. Kg3 Rf7 53.
Kxg4 Kxa3 54. Rc7 Rf1 55. Rc5 Rf8 56. d7 Rd8 57. Rxa5+ Kb4 58. Rd5 Kxc4 59. e4
Kb4 60. Kf5 1-0

[Event "Indywidualne Mistrzostwa Polski Kobiet do lat 20"]
[Site "Osrodek „SUDETY”, Pokrzywna 75"]
[Date "1899-12-30"]
[Round "9.3"]
[White "Dylag, Emilia"]
[Black "Goraj, Barbara"]
[Result "1/2-1/2"]
[WhiteTitle "WFM"]
[BlackTitle "WCM"]
[WhiteElo "1956"]
[BlackElo "2044"]

1. d4 Nf6 2. c4 g6 3. Nf3 Bg7 4. g3 O-O 5. Bg2 d6 6. O-O Nbd7 7. Nc3 e5 8. d5 a5
9. e4 Nc5 10. Ne1 Nfd7 11. Nd3 Nxd3 12. Qxd3 Nc5 13. Qe2 f5 14. exf5 Bxf5 15.
Ne4 Nxe4 16. Bxe4 Bh3 17. Re1 Qd7 18. Be3 b6 19. b3 Bf5 20. f3 h5 21. Rf1 Kh7
22. a3 Bh6 23. Bxh6 Kxh6 24. Qe3+ Kg7 25. Rae1 Rf7 26. Bxf5 Rxf5 27. f4 Raf8 28.
fxe5 Rxf1+ 29. Rxf1 Rxf1+ 30. Kxf1 Qf5+ 31. Kg2 Qc2+ 32. Kh3 Qf5+ 33. Kg2 Qc2+
34. Kh3 Qf5+ 35. Kg2 Qc2+ 1/2-1/2

[Event "Indywidualne Mistrzostwa Polski Kobiet do lat 20"]
[Site "Osrodek „SUDETY”, Pokrzywna 75"]
[Date "1899-12-30"]
[Round "9.4"]
[White "Wikar, Martyna"]
[Black "Bukala, Weronika"]
[Result "1-0"]
[WhiteTitle "WFM"]
[BlackTitle "I++"]
[WhiteElo "2168"]
[BlackElo "1875"]

1. e4 e5 2. Nf3 Nc6 3. Bc4 Nf6 4. d3 Be7 5. O-O O-O 6. Re1 d6 7. c3 Kh8 8. Bb3
Ng8 9. d4 Bg4 10. d5 Nb8 11. h3 Bh5 12. Nbd2 Nd7 13. Nf1 Bg6 14. g4 Nc5 15. Bc2
c6 16. c4 cxd5 17. cxd5 a5 18. Ng3 Qd7 19. Kg2 Rfc8 20. Bd2 Bd8 21. Rc1 b5 22.
Qe2 a4 23. Rh1 Nf6 24. Bb1 h5 25. Bg5 hxg4 26. hxg4+ Kg8 27. Nf5 Nxg4 28. Rh4
Bxg5 29. Nxg5 Bxf5 30. exf5 Nf6 31. Nh7 Nxh7 32. Qh5 Kf8 33. Qxh7 Qb7 34. Rd1
Ke7 35. Rg4 Rh8 36. Qxg7 Nd7 37. Rg6 Raf8 38. Kf3 Ke8 39. Rxd6 Qb8 40. Rf6 Rhg8
41. Qh6 Rh8 42. Re6+ fxe6 43. Qg6+ Ke7 44. dxe6 Qb7+ 45. Ke2 Nc5 46. Qg5+ Ke8
47. Rd8# 1-0

[Event "Indywidualne Mistrzostwa Polski Kobiet do lat 20"]
[Site "Osrodek „SUDETY”, Pokrzywna 75"]
[Date "1899-12-30"]
[Round "9.5"]
[White "Szczotka, Klara"]
[Black "Smietanska, Wiktoria"]
[Result "1-0"]
[WhiteTitle "k+"]
[BlackTitle "CM"]
[WhiteElo "1755"]
[BlackElo "1910"]

1. d4 Nf6 2. c4 g6 3. Nc3 Bg7 4. e4 d6 5. Be2 O-O 6. Be3 e5 7. d5 a5 8. g4 Na6
9. g5 Nd7 10. h4 f5 11. gxf6 Qxf6 12. Qd2 Ndc5 13. h5 g5 14. Rh2 h6 15. Rg2 Bd7
16. Bg4 Bxg4 17. Rxg4 Nb4 18. Bxc5 dxc5 19. Rg3 Qf4 20. Nh3 Qh4 21. a3 g4 22.
Ng1 Na6 23. O-O-O Rf6 24. Qe2 Rf4 25. d6 c6 26. d7 Bf6 27. Nh3 Bg5 28. d8=Q+ Rxd8
29. Rxd8+ Rf8+ 30. Nxg5 Rxd8 31. Ne6 Qh1+ 32. Kc2 Re8 33. Qxg4+ Kf7 34. Qg7+ Kxe6
35. Rg6# 1-0

[Event "Indywidualne Mistrzostwa Polski Kobiet do lat 20"]
[Site "Osrodek „SUDETY”, Pokrzywna 75"]
[Date "1899-12-30"]
[Round "9.6"]
[White "Szopa, Emilia"]
[Black "Bugaj, Hanna"]
[Result "1/2-1/2"]
[WhiteTitle "I++"]
[BlackTitle "I++"]
[WhiteElo "1588"]
[BlackElo "1721"]

1. e4 e6 2. d4 d5 3. Nc3 Nf6 4. e5 Nfd7 5. Nce2 c5 6. c3 Nc6 7. f4 Be7 8. Nf3 O-O
9. g3 b5 10. Bh3 Nb6 11. O-O b4 12. Kh1 bxc3 13. Nxc3 Ba6 14. Rg1 cxd4 15. Nxd4
Nxd4 16. Qxd4 Rc8 17. Qd1 Bc5 18. f5 exf5 19. Bxf5 Bxg1 20. Bxc8 Qxc8 21. Kxg1
Qc5+ 22. Kg2 d4 23. Ne2 Qd5+ 24. Kf2 f6 25. e6 Qf5+ 26. Nf4 g5 27. Qh5 Nd5 28.
Bd2 Nxf4 29. gxf4 Qxe6 30. Re1 Qf7 31. Qg4 Bc8 32. Qg3 Rd8 33. Bb4 Re8 34. Rxe8+
Qxe8 35. fxg5 Qe3+ 36. Qxe3 dxe3+ 37. Kxe3 fxg5 38. Bc5 a6 39. Ke4 Be6 40. a4
Bb3 41. Kf5 Bxa4 42. Kxg5 Bb5 1/2-1/2

[Event "Indywidualne Mistrzostwa Polski Kobiet do lat 20"]
[Site "Osrodek „SUDETY”, Pokrzywna 75"]
[Date "1899-12-30"]
[Round "9.7"]
[White "Starosta, Martyna"]
[Black "Budkiewicz, Magdalena"]
[Result "0-1"]
[WhiteTitle "WCM"]
[BlackTitle "k"]
[WhiteElo "1938"]
[BlackElo "1929"]

1. e4 d6 2. d4 Nf6 3. Nc3 e5 4. Nf3 exd4 5. Nxd4 g6 6. Bg5 Bg7 7. Qd2 h6 8. Be3
Nc6 9. f3 Nxd4 10. Bxd4 Be6 11. O-O-O a6 12. Qf2 Qc8 13. g4 c5 14. Be3 Qc6 15.
Bf4 Rd8 16. a4 d5 17. exd5 Nxd5 18. Nxd5 Rxd5 19. Rxd5 Qxd5 20. Bd3 Qa2 21. Re1
Qxb2+ 22. Kd1 O-O 23. Qxc5 Rc8 24. Qe3 Rc3 25. Ke2 Bb3 26. Qe8+ Kh7 27. Bd2 Rc6
28. Kf1 Bxc2 29. Bxc2 Qxc2 30. Re2 Rf6 31. Kg2 Qd3 32. Qe4 Qb3 33. Re3 Qa2 34.
Rd3 Re6 35. Qd5 Qxa4 36. Qxb7 Re2+ 37. Kh3 Qd1 38. Qd5 Qf1+ 39. Kh4 Qf2+ 40. Kh3
Qxh2# 0-1

[Event "Indywidualne Mistrzostwa Polski Kobiet do lat 20"]
[Site "Osrodek „SUDETY”, Pokrzywna 75"]
[Date "1899-12-30"]
[Round "9.8"]
[White "Czarniecka, Aleksandra"]
[Black "Siekanska, Zuzanna"]
[Result "1-0"]
[WhiteTitle "m"]
[BlackTitle "I++"]
[WhiteElo "2031"]
[BlackElo "1783"]

1. e4 e5 2. Nf3 Nc6 3. Bb5 a6 4. Ba4 Nf6 5. O-O Be7 6. Re1 b5 7. Bb3 d6 8. c3 O-O
9. h3 Na5 10. Bc2 c5 11. d4 Qc7 12. Nbd2 Bd7 13. Nf1 cxd4 14. cxd4 Rac8 15. Bb1
Rfe8 16. Bg5 h6 17. Bh4 Nh7 18. Bg3 Ng5 19. dxe5 Nxf3+ 20. Qxf3 dxe5 21. Ne3 Nc4
22. Nd5 Qa5 23. Bd3 Bb4 24. Re2 Nd2 25. Qh5 Nb3 26. Rd1 Nd4 27. Bxe5 Nxe2+ 28.
Bxe2 Be6 29. a3 Bf8 30. Bc3 Qa4 31. Nb6 Qxe4 32. Nxc8 Bxc8 33. Bf3 Qf4 34. Bc6
Re6 35. Bd5 Rg6 36. Qxg6 1-0

[Event "Indywidualne Mistrzostwa Polski Kobiet do lat 20"]
[Site "Osrodek „SUDETY”, Pokrzywna 75"]
[Date "1899-12-30"]
[Round "9.9"]
[White "Hertlein, Irena"]
[Black "Marcinczyk, Monika"]
[Result "1-0"]
[WhiteTitle "k"]
[BlackTitle "WCM"]
[WhiteElo "1918"]
[BlackElo "2020"]

1. e4 e5 2. Nf3 Nc6 3. Bb5 a6 4. Ba4 Nf6 5. O-O b5 6. Bb3 Bc5 7. a4 Bb7 8. d3 d6
9. Nc3 b4 10. Ne2 h6 11. Ng3 O-O 12. Be3 Bxe3 13. fxe3 d5 14. exd5 Nxd5 15. Qd2
a5 16. e4 Nde7 17. Rf2 Bc8 18. Raf1 Qd6 19. Nf5 Nxf5 20. exf5 Bxf5 21. Nxe5 Nxe5
22. Rxf5 Ng4 23. R5f4 Qc5+ 24. Kh1 Qh5 25. h3 Nf6 26. Rf5 Qg6 27. Qf2 Rfe8 28.
Rc5 Re7 29. Qf5 Qg3 30. Qf3 Qxf3 31. Rxf3 Ne8 32. Rff5 Nd6 33. Rxa5 Nxf5 34. Rxa8+
Kh7 35. a5 Nd4 36. Ba4 Re5 37. c3 bxc3 38. bxc3 Ne6 39. d4 Re1+ 40. Kh2 c5 41.
d5 Nc7 42. d6 Ne6 43. d7 Ra1 44. Bb3 1-0

[Event "Indywidualne Mistrzostwa Polski Kobiet do lat 20"]
[Site "Osrodek „SUDETY”, Pokrzywna 75"]
[Date "1899-12-30"]
[Round "9.10"]
[White "Salamon, Julia"]
[Black "Obrochta, Lena"]
[Result "0-1"]
[WhiteTitle "I++"]
[BlackTitle "I++"]
[WhiteElo "1515"]
[BlackElo "1660"]

1. d4 d5 2. c4 e6 3. Nc3 Be7 4. Nf3 Nf6 5. Bg5 h6 6. Bh4 O-O 7. e3 b6 8. Bd3 Bb7
9. O-O Nbd7 10. Qe2 c5 11. Rfd1 cxd4 12. exd4 dxc4 13. Bxc4 Rc8 14. Ba6 Bxa6 15.
Qxa6 Qc7 16. Bg3 Qc4 17. Qxc4 Rxc4 18. Ne5 Nxe5 19. Bxe5 Rfc8 20. d5 exd5 21.
Nxd5 Nxd5 22. Rxd5 Rc1+ 23. Rd1 R1c2 24. Bc3 Bc5 25. Rd2 Rxd2 26. Bxd2 Bd4 27.
Rc1 Re8 28. Kf1 Bxb2 29. Rc7 a5 30. Rb7 Bd4 31. Be3 Bxe3 32. fxe3 Rxe3 33. Rxb6
Rc3 34. Rb2 Kh7 35. Ke2 Rc1 36. Kd2 Rc5 37. Kd3 Kg6 38. h3 h5 39. a4 Rg5 40. Kc4
f6 41. Kd4 Rf5 42. Ke4 Rc5 43. Kd4 Rc1 44. Rb5 Rg1 45. Rxa5 Rxg2 46. Ra8 Rg3 47.
h4 Rg4+ 48. Ke3 Rxh4 49. a5 Ra4 50. a6 Kf5 51. a7 g5 52. Kf3 Ra3+ 53. Kg2 Kg4
54. Kh2 Ra2+ 55. Kg1 f5 56. Kf1 f4 57. Kg1 Kg3 58. Kf1 f3 59. Re8 Rxa7 0-1

[Event "Indywidualne Mistrzostwa Polski Kobiet do lat 20"]
[Site "Osrodek „SUDETY”, Pokrzywna 75"]
[Date "1899-12-30"]
[Round "9.11"]
[White "Natoli, Alessia"]
[Black "Pawicka, Magdalena"]
[Result "0-1"]
[WhiteTitle "I++"]
[BlackTitle "k+"]
[WhiteElo "1633"]
[BlackElo "1691"]

1. e4 e5 2. Nf3 Nc6 3. Bb5 f5 4. d3 Nf6 5. Bxc6 dxc6 6. Qe2 Bd6 7. Nc3 O-O 8. h3
Qe8 9. Be3 b5 10. Bd2 a5 11. a4 b4 12. Nd1 fxe4 13. dxe4 Qg6 14. Qc4+ Kh8 15.
Ne3 Qxe4 16. Qxe4 Nxe4 17. Nc4 Be6 18. Ne3 Nxf2 19. Kxf2 e4 20. b3 Rad8 21. Ke2
exf3+ 22. gxf3 Bf4 23. Nf1 Be5 24. Re1 Bd5 25. Nh2 Bxh2 26. Rxh2 Bxf3+ 27. Ke3
Bh5 28. Rc1 g5 29. Be1 Rfe8+ 30. Kf2 Re2+ 31. Kg3 Rxh2 32. Kxh2 c5 33. c3 Rd1
34. Rxd1 Bxd1 35. cxb4 cxb4 36. Bg3 c5 37. Bd6 Bxb3 38. Bxc5 Bxa4 39. Bb6 b3 40.
Bxa5 Kg7 41. Kg3 Kg6 42. Bc3 Kf5 43. Bh8 h5 44. Bg7 Ke4 45. Bh8 Kd3 46. Kf3 Bc6+
0-1